|
|
|
|
| LEADER |
02467nam a2200565 i 4500 |
| 001 |
nkc20172963389 |
| 003 |
CZ PrNK |
| 005 |
20190102111743.0 |
| 007 |
ta |
| 008 |
180102s2016 xr ac e 000 0 cze |
| 015 |
|
|
|a cnb002963389
|
| 020 |
|
|
|a 978-80-270-3292-1
|q (v knize neuvedeno ;
|q brožováno)
|
| 035 |
|
|
|a (OCoLC)1022796175
|
| 040 |
|
|
|a ABA001
|b cze
|e rda
|
| 043 |
|
|
|a n-us---
|a e-xr---
|b e-xr-pl
|2 czenas
|
| 045 |
|
|
|a x3x4
|
| 072 |
|
7 |
|a 355/359
|x Vojenství. Obrana země. Ozbrojené síly
|2 Konspekt
|9 15
|
| 080 |
|
|
|a 355.1
|2 MRF
|
| 080 |
|
|
|a 355.48(100)"1939/1945"
|2 MRF
|
| 080 |
|
|
|a 94(437.317)
|2 MRF
|
| 080 |
|
|
|a (73)
|2 MRF
|
| 080 |
|
|
|a (082.2)
|2 MRF
|
| 100 |
1 |
|
|a Zahrádka, Václav,
|d 1955-
|7 mzk2015860281
|4 aut
|
| 245 |
1 |
0 |
|a 71. výročí osvobození Čachrova armádou USA 5.5.1945-5.5.2016 90. pěší divizí - 359. pěší pluk :
|b ...a vzpomínka na 70. výročí /
|c text: Václav Zahrádka, Jan Kynčl
|
| 246 |
3 |
|
|a Sedmdesáté první výročí osvobození Čachrova armádou USA 5.5.1945-5.5.2016 90. pěší divizí - 359. pěší pluk
|
| 264 |
|
1 |
|a Čachrov :
|b Spolek ČZD Čachrov,
|c 2016
|
| 300 |
|
|
|a 18 nečíslovaných stran :
|b ilustrace (převážně barevné), portréty ;
|c 15 cm
|
| 336 |
|
|
|a text
|b txt
|2 rdacontent
|
| 336 |
|
|
|a statický obraz
|b sti
|2 rdacontent
|
| 337 |
|
|
|a bez média
|b n
|2 rdamedia
|
| 338 |
|
|
|a svazek
|b nc
|2 rdacarrier
|
| 500 |
|
|
|a Název z obálky
|
| 610 |
1 |
7 |
|a Spojené státy americké.
|b Army.
|b Infantry Division, 90th
|7 ko2018978103
|2 czenas
|
| 648 |
|
7 |
|a 1939-1945
|7 ch460653
|2 czenas
|
| 648 |
|
7 |
|a 1945
|7 ch460654
|2 czenas
|
| 650 |
0 |
7 |
|a ozbrojené síly
|7 ph123886
|z Spojené státy americké
|y 1939-1945
|2 czenas
|
| 650 |
0 |
7 |
|a druhá světová válka (1939-1945)
|7 ph117270
|z Česko
|2 czenas
|
| 650 |
0 |
9 |
|a armed forces
|z United States
|y 1939-1945
|2 eczenas
|
| 650 |
0 |
9 |
|a World War (1939-1945)
|z Czechia
|2 eczenas
|
| 651 |
|
7 |
|a Čachrov (Česko)
|7 ge305385
|x dějiny
|y 1945
|2 czenas
|
| 651 |
|
9 |
|a Čachrov (Czechia)
|x history
|y 1945
|2 eczenas
|
| 655 |
|
7 |
|a jubilejní publikace
|7 fd131839
|2 czenas
|
| 655 |
|
9 |
|a jubilee books
|2 eczenas
|
| 700 |
1 |
|
|a Kynčl, Jan
|4 aut
|
| 856 |
4 |
1 |
|u http://www.digitalniknihovna.cz/mzk/uuid/uuid:0acb24f0-2087-11e9-9634-005056827e52
|y Digitalizovaný dokument
|x NDK
|
| 910 |
2 |
|
|a BOA001
|b S-1420.283
|
| 990 |
|
|
|a BK
|
| 995 |
|
|
|a 01
|
| 991 |
|
|
|b 201901
|c NOV
|
| 996 |
6 |
|
|b 2610762646
|c S-1420.283
|l MZK
|r Sklad / do 24 hodin
|n 0
|p p.v.
|w 001699914
|u 000010
|a 1
|e BOA001
|j MZK50
|s P
|